Analyse. Deuxième partie, Topologie générale et analyse fonctionnelle /

Guardado en:
Autor Principal: Schwartz, Laurent.
Formato: Libro
Idioma:French
Publicado: Paris : Hermann, c1970.
Series:Collection Enseignement des sciences ; 11
Etiquetas: Agregar Etiqueta
Sin Etiquetas, Sea el primero en etiquetar este registro!
LEADER 00969cam a22002055a 4500
001 MAT.inmabb002226
008 840803s1970####fr############001#0#fre#d
005 20170612151955.0
245 1 0 |a Analyse.  |n Deuxième partie,  |p Topologie générale et analyse fonctionnelle /  |c Laurent Schwartz. 
260 |a Paris :  |b Hermann,  |c c1970. 
300 |a 432 p. ;  |c 23 cm. 
440 0 |a Collection Enseignement des sciences ;  |v 11 
500 |a "Ce livre est constitué par le deuxième chapitre, revu et considérablement augmenté, du cours de l'auteur à l'Ecole polytechnique; la première édition de ce cours avait été publiée en 1967 sous le titre Cours d'analyse, Paris, Hermann"--Verso de portada. 
510 4 |a Zbl,  |c 206, 63 
100 1 |a Schwartz, Laurent. 
240 1 0 |a Topologie générale et analyse fonctionnelle 
740 0 |a Topologie générale et analyse fonctionnelle. 
084 |a 46-01 (54-01)  |2 MR 
010 |a  70553605  
859 |h 46  |i Sc399a  |p A-3901  |b BIB. MATEMATICA